000 00175 a2200097 4500
020 _a065373007506
041 _aeng
100 _aRoberts, Nora
245 _aLawless
942 _cBK
999 _c7993
_d7993